LEADER 01159nam2 2200361 450 001 990006121330203316 005 20160205095153.0 010 $a978-90-429-2505-2 035 $a000612133 035 $aUSA01000612133 035 $a(ALEPH)000612133USA01 035 $a000612133 100 $a20120426d2014----km-y0itay50------ba 101 0 $aeng 102 $aBE 105 $a||||||||101yy 200 1 $a<> age of the successors and the creation of the Hellenistc kingdoms$fedited by Hans Hauben and Alexander Meeus 210 $aLeuven$cPeeters$d2014 215 $aXVI, 733 p.$d24 cm 225 2 $aStudia Hellenistica$v53 410 0$1001000175186$aStudia Hellenistica$v, 53 606 0 $aEllenismo$xStoria$y323-281 a. C.$2BNCF 676 $a938.08 700 1$aHAUBEN,$bHans$0289183 701 1$aMEEUS,$bAlexander$0715462 801 0$aIT$bsalbc$gISBD 912 $a990006121330203316 951 $aV.1. Coll. 37/ 18$b246426 L.M.$cV.1. Coll.$d385173 959 $aBK 969 $aUMA 979 $aCHIARA$b90$c20160205$lUSA01$h0951 996 $aAge of the successors and the creation of the Hellenistc kingdoms$91384699 997 $aUNISA LEADER 01121nam2-2200373---450- 001 990005782410203316 005 20121121100415.0 035 $a000578241 035 $aUSA01000578241 035 $a(ALEPH)000578241USA01 035 $a000578241 100 $a20121121d1987----km-y0itay50------ba 101 $afre 102 $aFR 105 $a||||||||001yy 200 1 $a<<4:>> <> seconds analytiques$fAristote$gtraduction nouvelle et notes par J. Tricot 210 $aParis$cVrin$d1987 215 $aX, 250 p.$d18 cm 225 2 $aBibliothèque des textes philosophiques 410 0$12001$aBibliothèque des textes philosophiques 461 0$1001000578240$12001$aOrganon 676 $a185 700 1$aARISTOTELES$04207 702 1$aTRICOT,$bJean 801 0$aIT$bsalbc$gISBD 912 $a990005782410203316 951 $aXV.8. 266 4$b222626 L.M.$cXV.8. 959 $aBK 969 $aFSO 979 $aIANNONE$b90$c20121121$lUSA01$h0955 979 $aIANNONE$b90$c20121121$lUSA01$h0959 979 $aIANNONE$b90$c20121121$lUSA01$h1004 996 $aSeconds analytiques$91081318 997 $aUNISA